000 00436nam a2200157Ia 4500
008 230917s9999||||xx |||||||||||||| ||und||
040 _e59678
_aMAIN
041 _aEnglish
082 _a342.7 A82F
100 _aAbraham, Henry J
245 0 _aFreedom and the court: Civil rights and liberties in the United States
250 _a3rd ed.
260 _aNew York
_bOxford University Press
_c1977
300 _axiv, 482 p.
942 _cBK
999 _c182015
_d182015